[Event "14th Varna it"]
[Site "Varna BUL"]
[Date "1975.05.??"]
[Round "13"]
[White "Vukic, Milan"]
[Black "Angelov, Kosta"]
[Result "1-0"]
[WhiteElo "2450"]
[BlackElo "2325"]
[EventDate "1975.05.08"]
[PlyCount "143"]

1. Nf3 Nf6 2. g3 g6 3. b3 Bg7 4. Bb2 O-O 5. Bg2 d6 6. d4 a5 7. O-O a4 8. c4 c5
9. Na3 Nc6 10. Nb5 Ne8 11. Qd2 b6 12. dxc5 bxc5 13. Bxg7 Nxg7 14. Ne5 dxe5 15.
Qxd8 Rxd8 16. Bxc6 Ra6 17. Bg2 Bf5 18. Rfd1 Rf8 19. e4 Bg4 20. f3 Be6 21. Bf1
f6 22. Kf2 Bf7 23. Bh3 Be6 24. Nc7 Rc6 25. Bxe6+ Nxe6 26. Nxe6 Rxe6 27. Ke3 Ra8
28. Rab1 axb3 29. axb3 Rb6 30. Kd3 Ra2 31. Ke3 Rxh2 32. Rd5 Rc6 33. Rd2 Rxd2
34. Kxd2 Ra6 35. Kc3 Kf7 36. Rd1 h5 37. Rd5 Rc6 38. Rd8 Ra6 39. Rc8 Ra5 40. Kb2
g5 41. Rb8 Ra7 42. Rc8 Ra5 43. Rb8 Kg7 44. Re8 h4 45. Rxe7+ Kg6 46. g4 Ra8 47.
Rd7 h3 48. Rd2 Rh8 49. Rh2 Kf7 50. Kc3 Ke6 51. b4 cxb4+ 52. Kxb4 Rb8+ 53. Kc3
Rh8 54. c5 Kd7 55. Kb4 Kc6 56. Kc4 Ra8 57. Rxh3 Ra3 58. Rh8 Rxf3 59. Rc8+ Kd7
60. Ra8 Re3 61. Ra7+ Kc8 62. Kd5 Rg3 63. c6 Rd3+ 64. Ke6 Rf3 65. Rf7 Rg3 66.
Rxf6 Rxg4 67. Kd6 Rf4 68. Rg6 Rf8 69. Rxg5 Rf6+ 70. Kd5 Kc7 71. Rg7+ Kc8 72.
Re7 1-0